Povinnosti zamestnávateľa v oblasti mzdového účtovníctva pri uzatváraní roku 2019 a prechode na rok 2020 priemerné ceny pohonných látok v SR

Zamestnávateľ musí vykonať úkony smerujúce k príprave na účtovnú závierku za účtovné obdobie a ročného zúčtovania preddavkov na daň z príjmov zo závislej činnosti za zdaňovacie obdobie. Vzor vyplneného potvrdenia o zdaniteľných príjmoch fyzickej osoby zo závislej činnosti. Priemerné ceny pohonných l...

Ausführliche Beschreibung

Gespeichert in:
Bibliographische Detailangaben
1. Verfasser: Gášpárová, Eva
Format: Buchkapitel
Sprache:Slowakisch
Schlagworte:
Tags: Tag hinzufügen
Keine Tags, Fügen Sie das erste Tag hinzu!

MARC

LEADER 00000naa a2200000 4500
001 0261051
005 20200117095450.0
041 0 |a slo 
044 |a SK 
245 1 0 |a Povinnosti zamestnávateľa v oblasti mzdového účtovníctva pri uzatváraní roku 2019 a prechode na rok 2020  |b priemerné ceny pohonných látok v SR  |c Eva Gášpárová 
520 |a Zamestnávateľ musí vykonať úkony smerujúce k príprave na účtovnú závierku za účtovné obdobie a ročného zúčtovania preddavkov na daň z príjmov zo závislej činnosti za zdaňovacie obdobie. Vzor vyplneného potvrdenia o zdaniteľných príjmoch fyzickej osoby zo závislej činnosti. Priemerné ceny pohonných látok v SR a Kurzy peňažných prostriedkov v cudzej mene za november 2019, viď tabulky. 
610 2 0 |a mzdy 
610 2 0 |a odvody 
610 2 0 |a zamestnávatelia 
610 2 0 |a závierka účtovná 
610 2 0 |a zúčtovanie 
610 2 0 |a preddavky 
610 2 0 |a dane z príjmov 
610 2 0 |a osoby fyzické 
610 2 0 |a palivá 
610 2 0 |a prostriedky peňažné 
100 1 |a Gášpárová, Eva